000
00256nam a2200133Ia 4500
100
_a
#N/A
650
_a
Computers
942
_c
BK
654
_a
AUTOCAD 2000
245
_a
Inside Autocad 2000
260
_b
Techmedia
082
_b
BUR
546
_a
ENGLISH
999
_c
33332
_d
33332